00551nam a2200169 a 4500008004100000020001500041050001800056100002200074245009000096260003600186300003100222350000900253500001900262650004600281650004000327650001400367100121s2007 ||||||||||||||||| || u a0849392624 aTS 155.63 Int aZurawski, Richard10aIntegration technologies for industrial automated systemscEdited by Richard Zurawski aLondon:bTaylor & Francisc2007 axix, various pagings: ill. a0.00 aIncludes Index aCOMPUTER INTEGRATED MANUFACTURING SYSTEMS aMANUFACTURING PROCESSES--AUTOMATION aCOMPUTERS